000
00281nam a2200097Ia 4500
001
1033840
005
20250826231716.0
008
250824s9999 xx 000 0 und d
245
0
_a
DİPPER İLE MABEL ZAMAN KORSANLARI HAZİNESİNİN LANETİ
_c
JEFFREY ROWE
260
_b
BETA YAYINLARI
999
_c
1033840
_d
1033840